The conscious consultant : (Record no. 4862)
[ view plain ]
| 000 -LEADER | |
|---|---|
| fixed length control field | nam a22 7a 4500 |
| 005 - DATE AND TIME OF LATEST TRANSACTION | |
| control field | 20200917163754.0 |
| 008 - FIXED-LENGTH DATA ELEMENTS--GENERAL INFORMATION | |
| fixed length control field | 200917b2002 ||||| |||| 00| 0 eng d |
| 020 ## - INTERNATIONAL STANDARD BOOK NUMBER | |
| International Standard Book Number | 9780787958800 |
| Terms of availability | RM 128 |
| 040 ## - CATALOGING SOURCE | |
| Original cataloging agency | AKMAL |
| 082 00 - DEWEY DECIMAL CLASSIFICATION NUMBER | |
| Classification number | 658.4 KRI |
| 090 ## - LOCALLY ASSIGNED LC-TYPE CALL NUMBER (OCLC); LOCAL CALL NUMBER (RLIN) | |
| Classification number (OCLC) (R) ; Classification number, CALL (RLIN) (NR) | 658.4 |
| Local cutter number (OCLC) ; Book number/undivided call number, CALL (RLIN) | KRI |
| 100 1# - MAIN ENTRY--PERSONAL NAME | |
| Personal name | Quade, Kristine, |
| Dates associated with a name | 1948- |
| 9 (RLIN) | 9257 |
| 245 14 - TITLE STATEMENT | |
| Title | The conscious consultant : |
| Remainder of title | mastering change from the inside out / |
| Statement of responsibility, etc. | Kristine Quade, Renee M. Brown ; forewords by Richard Beckhard and Charles Seashore. |
| 260 ## - PUBLICATION, DISTRIBUTION, ETC. | |
| Place of publication, distribution, etc. | San Francisco |
| Name of publisher, distributor, etc. | Jossey-Bass/Pfeiffer, |
| Date of publication, distribution, etc. | c2002. |
| 300 ## - PHYSICAL DESCRIPTION | |
| Extent | xl, 197 p. |
| Other physical details | ill |
| Dimensions | 24cm |
| 504 ## - BIBLIOGRAPHY, ETC. NOTE | |
| Bibliography, etc. note | Includes bibliographical references (p. 183-186) and index. |
| 650 #0 - SUBJECT ADDED ENTRY--TOPICAL TERM | |
| Topical term or geographic name entry element | Consultants |
| Form subdivision | Handbooks, manuals, etc. |
| 9 (RLIN) | 9258 |
| 650 #0 - SUBJECT ADDED ENTRY--TOPICAL TERM | |
| Topical term or geographic name entry element | Organizational change |
| Form subdivision | Handbooks, manuals, etc. |
| 9 (RLIN) | 9259 |
| 700 1# - ADDED ENTRY--PERSONAL NAME | |
| Personal name | Brown, Renee M., |
| Dates associated with a name | 1946- |
| 9 (RLIN) | 9260 |
| 942 ## - ADDED ENTRY ELEMENTS (KOHA) | |
| Source of classification or shelving scheme | |
| Koha item type | Book |
| Withdrawn status | Lost status | Source of classification or shelving scheme | Damaged status | Not for loan | Collection code | Home library | Current library | Shelving location | Date acquired | Cost, normal purchase price | Inventory number | Total Checkouts | Full call number | Barcode | Date last seen | Price effective from | Koha item type |
|---|---|---|---|---|---|---|---|---|---|---|---|---|---|---|---|---|---|
| NON-FICTION | AKMAL Melaka | AKMAL Melaka | PINJAMAN | 17.09.2020 | 128.00 | 011349 | 658.4 KRI | 201707914 | 17.09.2020 | 17.09.2020 | Book |
